Central Library and Information Centre
Sibsagar Girls' College, Sivasagar : Assam

MECHANICS (Record no. 26820)

MARC details
000 -LEADER
fixed length control field 00597cam a2200193ua 4500
001 - CONTROL NUMBER
control field 23572
008 - FIXED-LENGTH DATA ELEMENTS--GENERAL INFORMATION
fixed length control field 180526n2017 II |||gr||||Z||||||eng
082 ## - DEWEY DECIMAL CLASSIFICATION NUMBER
Classification number 530
100 1# - MAIN ENTRY--PERSONAL NAME
Personal name KITTEL, CHARLES,
Relator term AUTHOR.
245 1# - TITLE STATEMENT
Title MECHANICS
Medium Textual Documents
250 ## - EDITION STATEMENT
Edition statement 10 REP ED.
260 ## - PUBLICATION, DISTRIBUTION, ETC.
Place of publication, distribution, etc. LONDON
Name of publisher, distributor, etc. MCGREW HILL BOOK
Date of publication, distribution, etc. 2017
300 ## - PHYSICAL DESCRIPTION
Extent 451:
Dimensions 21+
Accompanying material PB.
653 ## - INDEX TERM--UNCONTROLLED
Uncontrolled term Physics
700 1# - ADDED ENTRY--PERSONAL NAME
Personal name KNIGHT, WALTER & OTHERS,1
Relator term AUTHOR.
Holdings
Withdrawn status Lost status Source of classification or shelving scheme Damaged status Not for loan Collection code Home library Current library Shelving location Date acquired Total Checkouts Full call number Barcode Date last seen Date last checked out Price effective from Koha item type Public note
    Dewey Decimal Classification     TBPHY Central Library and Information Centre Sibsagar Girls College Central Library and Information Centre Sibsagar Girls College PHYSICS BOOK RACK 28.08.2017 1 530 37698 16.08.2023 05.08.2023 02.05.2023 Books V
    Dewey Decimal Classification     TBPHY Central Library and Information Centre Sibsagar Girls College Central Library and Information Centre Sibsagar Girls College PHYSICS BOOK RACK 28.08.2017   530 37699 02.05.2023   02.05.2023 Books V
    Dewey Decimal Classification     TBPHY Central Library and Information Centre Sibsagar Girls College Central Library and Information Centre Sibsagar Girls College PHYSICS BOOK RACK 28.08.2017   530 37700 02.05.2023   02.05.2023 Books V


Sibsagar Girl's College © 2020. All rights reserved.
Powered by Koha.
Maintained by Abhijit Borpuzari.